000 00233nam a2200097Ia 4500
008 170627s9999 xx 000 0 und d
100 _aMAMORIA C-B
245 0 _aDYNAMICS OF INDUSICS OF INDUSTRIAL RELATIONS
260 _bHPH
260 _c2008
546 _aENGLISH
999 _c35716
_d35716